The children's sports injuries handbook : (Record no. 172495)

MARC details
000 -LEADER
fixed length control field 00976 am a2200265ua 4500
001 - CONTROL NUMBER
control field 008143246
003 - CONTROL NUMBER IDENTIFIER
control field OSt
005 - DATE AND TIME OF LATEST TRANSACTION
control field 20251103112758.0
008 - FIXED-LENGTH DATA ELEMENTS--GENERAL INFORMATION
fixed length control field 021031s1994 enka || 001 ||eng
020 ## - INTERNATIONAL STANDARD BOOK NUMBER
International Standard Book Number 9781863781312 (Paperback)
Terms of availability USD 8.00
040 ## - CATALOGING SOURCE
Original cataloging agency Uk
Transcribing agency Uk
Language of cataloging eng
Modifying agency NUST
Description conventions rda
050 ## - LIBRARY OF CONGRESS CALL NUMBER
Classification number RD97 KEN
100 1# - MAIN ENTRY--PERSONAL NAME
Personal name Kennedy, David
Relator term Author
245 14 - TITLE STATEMENT
Title The children's sports injuries handbook :
Remainder of title a practical guide for parents and coaches /
Statement of responsibility, etc. David Kennedy and Peter Fitzgerald.
260 ## - PUBLICATION, DISTRIBUTION, ETC.
Place of publication, distribution, etc. Sydney :
Name of publisher, distributor, etc. Bay Books,
Date of publication, distribution, etc. ©1994.
300 ## - PHYSICAL DESCRIPTION
Extent 128 pages :
Other physical details Illustrations ;
Dimensions 25 cm.
336 ## - CONTENT TYPE
Content type term text
Source rdacontent
Content type code txt
337 ## - MEDIA TYPE
Media type term unmediated
Source rdamedia
Media type code n
338 ## - CARRIER TYPE
Carrier type term volume
Source rdacarrier
Carrier type code nc
504 ## - BIBLIOGRAPHY, ETC. NOTE
Bibliography, etc. note Includes index.
650 #0 - SUBJECT ADDED ENTRY--TOPICAL TERM
Topical term or geographic name entry element Sports injuries in children
Form subdivision Handbooks, manuals, etc.
650 #0 - SUBJECT ADDED ENTRY--TOPICAL TERM
Topical term or geographic name entry element Sports injuries in children
General subdivision Treatment
Form subdivision Handbooks, manuals, etc.
700 1# - ADDED ENTRY--PERSONAL NAME
Personal name Fitzgerald, Peter
Relator term Author
942 ## - ADDED ENTRY ELEMENTS (KOHA)
Source of classification or shelving scheme Library of Congress Classification
Koha item type Ordinary Loan Books
Classification part RD97 KEN
Call number prefix RD
Call number suffix KEN
Suppress in OPAC No
Holdings
Withdrawn status Lost status Source of classification or shelving scheme Damaged status Not for loan Collection Home library Current library Shelving location Date acquired Source of acquisition Cost, normal purchase price Total Checkouts Full call number Barcode Date last seen Accession number Cost, replacement price Price effective from Koha item type Public note
    LCC     NFIC Medical Medical GEN 11/03/2025 Book Aid International 8.00   RD97 KEN 92004053496 11/03/2025 60232 8.00 11/03/2025 BOOKS Donation